Will the Identified Improvements of Auditor's Report Meet the Requirements of Users and Provide Them with the Value, i.e. Benefit That They Seek?

Uložené v:
Podrobná bibliografia
Hlavný autor: Kareš, Ladislav
Ďalší autori: Kršíková, Veronika, 1986-, Rybka, Lukáš
Médium: Kapitola
Jazyk:English
Tagy: Pridať tag
Žiadne tagy, Buďte prvý, kto otaguje tento záznam!

MARC

LEADER 00000naa a2200000 4500
001 0167775
005 20240502083410.0
041 0 |a eng 
044 |a RS 
245 1 0 |a Will the Identified Improvements of Auditor's Report Meet the Requirements of Users and Provide Them with the Value, i.e. Benefit That They Seek?  |c Ladislav Kareš, Veronika Kršíková, Lukáš Rybka 
100 1 |a Kareš, Ladislav 
700 1 |a Kršíková, Veronika, 1986- 
700 1 |a Rybka, Lukáš